37 études critiques : littérature générale, littérature française et francophone, littérature étrangère : (notice nᵒ 2467)
[ vue normale ]
| 000 -LEADER | |
|---|---|
| fixed length control field | 01099 a2200301 4500 |
| 001 - CONTROL NUMBER | |
| control field | OB-pur-64343 |
| 003 - CONTROL NUMBER IDENTIFIER | |
| control field | FrMaCLE |
| 005 - DATE AND TIME OF LATEST TRANSACTION | |
| control field | 20251214082552.0 |
| 007 - PHYSICAL DESCRIPTION FIXED FIELD--GENERAL INFORMATION | |
| fixed length control field | cu ||||||m|||| |
| 008 - FIXED-LENGTH DATA ELEMENTS--GENERAL INFORMATION | |
| fixed length control field | 190717e||||||||xx |||||s|||||||||0|fr|d |
| 020 ## - INTERNATIONAL STANDARD BOOK NUMBER | |
| International Standard Book Number | 978-2-7535-5437-5 |
| 024 7# - OTHER STANDARD IDENTIFIER | |
| Standard number or code | 10.4000/books.pur.64343 |
| Source of number or code | doi |
| 040 ## - CATALOGING SOURCE | |
| Original cataloging agency | FR-FrMaCLE |
| 041 ## - LANGUAGE CODE | |
| Language code of text/sound track or separate title | fra |
| 100 1# - MAIN ENTRY--PERSONAL NAME | |
| Personal name | Cesbron, Georges |
| 245 10 - TITLE STATEMENT | |
| Title | 37 études critiques : littérature générale, littérature française et francophone, littérature étrangère : |
| Remainder of title | Cahier XXVII / |
| Statement of responsibility, etc. | Georges Cesbron. |
| 260 ## - PUBLICATION, DISTRIBUTION, ETC. | |
| Place of publication, distribution, etc. | Rennes : |
| Name of publisher, distributor, etc. | Presses universitaires de Rennes, |
| Date of publication, distribution, etc. | 2019. |
| 300 ## - PHYSICAL DESCRIPTION | |
| Extent | 814 p. |
| 500 ## - GENERAL NOTE | |
| General note | Ebook |
| 540 ## - TERMS GOVERNING USE AND REPRODUCTION NOTE | |
| Terms governing use and reproduction | OpenEdition Books License |
| Uniform Resource Identifier | <a href="https://www.openedition.org/12554">https://www.openedition.org/12554</a> |
| 650 #4 - SUBJECT ADDED ENTRY--TOPICAL TERM | |
| Topical term or geographic name entry element | Literary Theory & Criticism |
| Topical term or geographic name entry element | Literature, Romance |
| Topical term or geographic name entry element | imaginaire |
| Topical term or geographic name entry element | mythologie |
| Topical term or geographic name entry element | mythocritique |
| 760 0# - MAIN SERIES ENTRY | |
| International Standard Serial Number | 1966-2114 |
| 856 4# - ELECTRONIC LOCATION AND ACCESS | |
| Data provenance | Cesbron, Georges |
| Uniform Resource Identifier | <a href="https://books.openedition.org/pur/64343">https://books.openedition.org/pur/64343</a> |
| Link text | 37 études critiques : littérature générale, littérature française et francophone, littérature étrangère |
Pas d'exemplaire disponible.
